000
00278nam a2200121 a 4500
008
100916s1973|||| d
100
1
_a
Dumas, Alexander
245
1
0
_a
Dobztie bastily 2
260
_b
Tatran
_a
Bratislava
_c
1973
020
_c
35
044
_a
xo
_c
SK
041
_a
slo
999
_c
10339
_d
10339